00394nam a22001337a 450000500170000000800410001704100130005808200130007110000130008424500420009726000660013930000290020565000260023420240807085836.0240807b |||||||| |||| 00| 0 eng d aEnglish  a349 TRA  lEnglish  aTransvaal Law Reports: Supreme Court  aGrahamstown, Cape Colony: bAfrican Book Company Ltd, c1904  bx, 1006 pages; c25 cm.  aLegal practice bLaw